000 01376nam a2200337 i 4500
003 EG-GICUC
005 20260121101531.0
008 251222s2012 ua ||||fr|||| 000 0 ara d
017 _a2012/13980
020 _a978-977-328-879-5
040 _a EG-GICUC
_bara
_c EG-GICUC
_d EG-GICUC
_erda
041 _aara
082 0 4 _221
_a345.456
_bع م . ض
092 0 4 _221
099 _aLaw1 07 345.456 ع م . ض 2012
100 0 _aعماد ملوخية
_eمؤلف.
245 1 2 _aالضمانات التأديبية للموظف العام في النظام الإداري الإسلامي والمقارن :
_bدراسة فقهية قضائية /
_cدكتور عماد ملوخية.
264 1 _aالإسكندرية :
_bدار الجامعة الجديدة,
_c2012.
300 _a468 صفحة؛
_c24 سم
_bإيضاحيات، صور، مثيليات ؛
336 _2rda content
_atext
337 _2rda media
_aComputer
338 _2rda carrier
_aOnline Resource
504 _aببليوجرافيا صفحات : 439-462
546 _aالنص باللغة العربية
650 1 4 _aاجراءات وضمانات تأديب العاملين المدنين بالدولة
_2qrmak
650 1 4 _aالسلطات التاديبية
651 1 _2qrmak
856 4 0 _uhttps://fll.law.cu.edu.eg/fulltext/bks/B07-01545.pdf
905 _a79
942 _2ddc
_cBK
_e21
_n0
999 _c52118
_d52118